| 000 | 00616nam a22001457a 4500 | ||
|---|---|---|---|
| 020 | _a0-590-67446-3 | ||
| 082 |
_a823 _bWIN/D |
||
| 100 | _aWINTERFELD, HENRY | ||
| 245 | _aDETECTIVES IN TOGAS | ||
| 260 |
_aNEW YORK _bSCHOLASTIC _c1996 |
||
| 300 | _a249 | ||
| 520 | _aIn Detectives in Togas, Rufus is accused of breaking into the schoolroom, tying up his teacher, and painting a slur on the Temple of Minerva. But he didn't do any of those things! Together with his six classmates, Rufus must find out who is really responsible for this vandalism before it's too late. | ||
| 650 |
_aNOVEL _zUNITED STATES |
||
| 942 | _cBK | ||
| 999 |
_c5057 _d5057 |
||